[Event "Moja Open Prestige 2022"]
[Site "Kimberley"]
[Date "2022.03.20"]
[Round "2.6"]
[White "Vorster, Stephanus"]
[Black "Mthunzi, Clive"]
[Result "1-0"]
[WhiteElo "1600"]
[BlackElo "1888"]
[Annotator "NA RC"]
[PlyCount "71"]
[EventDate "2022.03.19"]
[EventType "swiss"]
[EventCountry "RSA"]
[SourceTitle "playchess.com"]
[Source "ChessBase"]
[SourceQuality "1"]
[TimeControl "5400+30"]

1. e4 {[%emt 1:31:00]} c6 {[%emt 1:31:00]} 2. d4 {[%emt 0:00:30]} d5 {[%emt 0:00:30]} 3. e5 {[%emt 0:00:30]} Bf5 {[%emt 0:00:30]} 4. Nc3 {[%emt 0:00:30]} e6 {[%emt 0:00:30]} 5. g4 {[%emt 0:00:30]} Bg6 {[%emt 0:00:30]} 6. Nge2 {[%emt 0:00:30]} h6 {[%emt 0:00:30]} 7. h4 {[%emt 0:00:30]} c5 {[%emt 0:00:30]} 8. Be3 {[%emt 0:00:30]} Nc6 {[%emt 0:00:30]} 9. dxc5 {[%emt 0:00:30]} Nxe5 {[%emt 0:00:30]} 10. Nf4 {[%emt 0:00:30]} Bh7 {[%emt 0:00:30]} 11. Bb5+ {[%emt 0:00:30]} Nc6 {[%emt 0:00:30]} 12. Qe2 {[%emt 0:00:30]} Nf6 {[%emt 0:00:30]} 13. O-O-O {[%emt 0:00:30]} Be7 {[%emt 0:00:30]} 14. g5 {[%emt 0:00:30]} Nd7 {[%emt 0:00:30]} 15. gxh6 {[%emt 0:00:30]} g6 {[%emt 0:00:30]} 16. Bxc6 {[%emt 0:00:30]} bxc6 {[%emt 0:00:30]} 17. Bd4 {[%emt 0:00:30]} O-O {[%emt 0:00:30]} 18. Bg7 {[%emt 0:00:30]} e5 {[%emt 0:00:30]} 19. Nfxd5 {[%emt 0:00:30]} cxd5 {[%emt 0:00:30]} 20. Nxd5 {[%emt 0:00:30]} Rc8 {[%emt 0:00:30]} 21. Qb5 {[%emt 0:00:30]} Rxc5 {[%emt 0:00:30]} 22. Nxe7+ {[%emt 0:00:30]} Qxe7 23. Rxd7 {[%emt 0:00:30]} Rxb5 {[%emt 0:01:00]} 24. Rxe7 {[%emt 0:00:30]} Rc8 {[%emt 0:00:30]} 25. Rxe5 {[%emt 0:00:30]} Rxe5 {[%emt 0:00:30]} 26. Bxe5 {[%emt 0:00:30]} g5 {[%emt 0:00:30]} 27. c3 {[%emt 0:00:30]} g4 {[%emt 0:00:30]} 28. Rg1 {[%emt 0:00:30]} Bf5 {[%emt 0:00:30]} 29. f3 {[%emt 0:00:30]} Be6 {[%emt 0:00:30]} 30. fxg4 {[%emt 0:00:30]} Bxa2 {[%emt 0:00:30]} 31. g5 {[%emt 0:00:30]} Kh7 {[%emt 0:00:30]} 32. h5 {[%emt 0:00:30]} a6 {[%emt 0:00:30]} 33. Bg7 {[%emt 0:00:30]} Rc5 {[%emt 0:00:30]} 34. g6+ {[%emt 0:00:30]} fxg6 {[%emt 0:00:30]} 35. hxg6+ {[%emt 0:00:30]} Kg8 36. Bd4 {[%emt 0:00:30]} 1-0

[Event "Moja Open Prestige 2022"]
[Site "Kimberley"]
[Date "2022.03.20"]
[Round "2.7"]
[White "Mankga, Thabang"]
[Black "Karsten, Jan"]
[Result "0-1"]
[WhiteElo "1463"]
[BlackElo "1679"]
[Annotator "NA RC"]
[PlyCount "130"]
[EventDate "2022.03.19"]
[EventType "swiss"]
[EventCountry "RSA"]
[SourceTitle "playchess.com"]
[Source "ChessBase"]
[SourceQuality "1"]
[TimeControl "5400+30"]

1. d4 {[%emt 1:31:00]} e6 {[%emt 1:31:00]} 2. c4 {[%emt 0:00:30]} f5 {[%emt 0:00:30]} 3. Nf3 {[%emt 0:00:30]} Nf6 {[%emt 0:00:30]} 4. g3 {[%emt 0:00:30]} Be7 {[%emt 0:00:30]} 5. Bg2 {[%emt 0:00:30]} O-O {[%emt 0:00:30]} 6. O-O {[%emt 0:00:30]} d6 {[%emt 0:00:30]} 7. Nc3 {[%emt 0:00:30]} Ne4 {[%emt 0:00:30]} 8. Qc2 {[%emt 0:00:30]} Nxc3 {[%emt 0:00:30]} 9. Qxc3 {[%emt 0:00:30]} a5 {[%emt 0:00:30]} 10. Rb1 {[%emt 0:00:30]} Nc6 {[%emt 0:00:30]} 11. a3 {[%emt 0:00:30]} a4 {[%emt 0:00:30]} 12. Re1 {[%emt 0:00:30]} Bf6 {[%emt 0:00:30]} 13. e4 {[%emt 0:00:30]} e5 {[%emt 0:00:30]} 14. d5 {[%emt 0:00:30]} Na5 {[%emt 0:00:30]} 15. Nd2 {[%emt 0:00:30]} f4 {[%emt 0:00:30]} 16. b4 {[%emt 0:00:30]} axb3 {[%emt 0:00:30]} 17. Nxb3 {[%emt 0:00:30]} Nxb3 {[%emt 0:00:30]} 18. Qxb3 {[%emt 0:00:30]} Bg5 {[%emt 0:00:30]} 19. f3 {[%emt 0:00:30]} fxg3 {[%emt 0:00:30]} 20. hxg3 {[%emt 0:00:30]} Bxc1 {[%emt 0:00:30]} 21. Rbxc1 {[%emt 0:00:30]} Qg5 {[%emt 0:00:30]} 22. Kf2 {[%emt 0:00:30]} b6 {[%emt 0:00:30]} 23. Qe3 {[%emt 0:00:30]} Qxe3+ {[%emt 0:00:30]} 24. Rxe3 {[%emt 0:00:30]} Bd7 {[%emt 0:00:30]} 25. Bf1 {[%emt 0:00:30]} g5 {[%emt 0:00:30]} 26. Be2 {[%emt 0:00:30]} Kg7 {[%emt 0:00:30]} 27. Kg2 {[%emt 0:00:30]} Kg6 {[%emt 0:00:30]} 28. Rh1 {[%emt 0:00:30]} Rf6 {[%emt 0:00:30]} 29. g4 {[%emt 0:00:30]} Rff8 {[%emt 0:00:30]} 30. Kg3 {[%emt 0:00:30]} Rh8 {[%emt 0:00:30]} 31. Rc3 {[%emt 0:00:30]} h6 {[%emt 0:00:30]} 32. Re3 {[%emt 0:00:30]} Rh7 {[%emt 0:00:30]} 33. Rc3 {[%emt 0:00:30]} Kf6 {[%emt 0:00:30]} 34. Kg2 {[%emt 0:00:30]} Ke7 {[%emt 0:00:30]} 35. Kg3 {[%emt 0:00:30]} Rah8 {[%emt 0:00:30]} 36. Rcc1 {[%emt 0:00:30]} Kf6 {[%emt 0:00:30]} 37. Rh2 {[%emt 0:00:30]} h5 {[%emt 0:00:30]} 38. gxh5 {[%emt 0:00:30]} Rxh5 {[%emt 0:00:30]} 39. Rxh5 {[%emt 0:00:30]} Rxh5 {[%emt 0:00:30]} 40. Ra1 {[%emt 0:00:30]} Ba4 {[%emt 0:00:30]} 41. Kg2 {[%emt 0:00:30]} Rh8 {[%emt 0:00:30]} 42. Rh1 {[%emt 0:00:30]} Rxh1 {[%emt 0:00:30]} 43. Kxh1 {[%emt 0:00:30]} g4 {[%emt 0:00:30]} 44. Kg2 {[%emt 0:00:30]} Bc2 {[%emt 0:00:30]} 45. Kg3 {[%emt 0:00:30]} Kg5 {[%emt 0:00:30]} 46. Bf1 {[%emt 0:00:30]} gxf3 {[%emt 0:00:30]} 47. Kxf3 {[%emt 0:00:30]} Kh4 {[%emt 0:00:30]} 48. Ke3 {[%emt 0:00:30]} Kg3 {[%emt 0:00:30]} 49. Be2 {[%emt 0:00:30]} Ba4 {[%emt 0:00:30]} 50. Bf1 {[%emt 0:00:30]} Bd1 {[%emt 0:00:30]} 51. Bd3 {[%emt 0:00:30]} Kg2 {[%emt 0:00:30]} 52. Kd2 {[%emt 0:00:30]} Bh5 {[%emt 0:00:30]} 53. Ke3 {[%emt 0:00:30]} Bg4 {[%emt 0:00:30]} 54. Be2 {[%emt 0:00:30]} Bxe2 {[%emt 0:00:30]} 55. Kxe2 {[%emt 0:00:30]} Kg3 {[%emt 0:00:30]} 56. Ke3 {[%emt 0:00:30]} Kg4 {[%emt 0:00:30]} 57. a4 {[%emt 0:00:30]} Kg3 {[%emt 0:00:30]} 58. Ke2 {[%emt 0:00:30]} Kf4 {[%emt 0:00:30]} 59. Kd3 {[%emt 0:00:30]} Kf3 {[%emt 0:00:30]} 60. c5 {[%emt 0:00:30]} dxc5 {[%emt 0:00:30]} 61. a5 {[%emt 0:00:30]} bxa5 {[%emt 0:00:30]} 62. Kc4 {[%emt 0:00:30]} Kxe4 {[%emt 0:00:30]} 63. Kxc5 {[%emt 0:00:30]} a4 {[%emt 0:00:30]} 64. Kc6 {[%emt 0:00:30]} a3 {[%emt 0:00:30]} 65. Kxc7 {[%emt 0:00:30]} Kxd5 {[%emt 0:00:30]} 0-1

[Event "Moja Open Prestige 2022"]
[Site "Kimberley"]
[Date "2022.03.20"]
[Round "2.8"]
[White "LEFYEDI, THATEGO"]
[Black "Makhosonke, Kuhlase Matthiolus"]
[Result "0-1"]
[WhiteElo "1461"]
[BlackElo "1787"]
[Annotator "NA RC"]
[PlyCount "120"]
[EventDate "2022.03.19"]
[EventType "swiss"]
[EventCountry "RSA"]
[SourceTitle "playchess.com"]
[Source "ChessBase"]
[SourceQuality "1"]
[TimeControl "5400+30"]

1. d4 {[%emt 1:31:00]} Nf6 {[%emt 1:31:00]} 2. c4 {[%emt 0:00:30]} e6 {[%emt 0:00:30]} 3. Nf3 {[%emt 0:00:30]} Bb4+ {[%emt 0:00:30]} 4. Bd2 {[%emt 0:00:30]} Be7 {[%emt 0:00:30]} 5. Nc3 {[%emt 0:00:30]} d5 {[%emt 0:00:30]} 6. g3 {[%emt 0:00:30]} dxc4 {[%emt 0:00:30]} 7. Qa4+ {[%emt 0:00:30]} Nbd7 {[%emt 0:00:30]} 8. Qxc4 {[%emt 0:00:30]} b6 {[%emt 0:00:30]} 9. Bg2 {[%emt 0:00:30]} Bb7 {[%emt 0:00:30]} 10. Bf4 {[%emt 0:00:30]} c5 {[%emt 0:00:30]} 11. Nb5 {[%emt 0:00:30]} O-O {[%emt 0:00:30]} 12. Bc7 {[%emt 0:00:30]} Qc8 {[%emt 0:00:30]} 13. Bd6 {[%emt 0:00:30]} Bd5 {[%emt 0:00:30]} 14. Qc1 {[%emt 0:00:30]} Bxd6 {[%emt 0:00:30]} 15. Nxd6 {[%emt 0:00:30]} Qc6 {[%emt 0:00:30]} 16. Nc4 {[%emt 0:00:30]} cxd4 {[%emt 0:00:30]} 17. Ncd2 {[%emt 0:00:30]} Rac8 {[%emt 0:00:30]} 18. O-O {[%emt 0:00:30]} e5 {[%emt 0:00:30]} 19. Bh3 {[%emt 0:00:30]} Rc7 {[%emt 0:00:30]} 20. Qd1 {[%emt 0:00:30]} Qc2 {[%emt 0:00:30]} 21. b3 {[%emt 0:00:30]} g6 {[%emt 0:00:30]} 22. g4 {[%emt 0:00:30]} Be6 {[%emt 0:00:30]} 23. Qxc2 {[%emt 0:00:30]} Rxc2 {[%emt 0:00:30]} 24. Rfc1 {[%emt 0:00:30]} Rfc8 {[%emt 0:00:30]} 25. Rxc2 {[%emt 0:00:30]} Rxc2 {[%emt 0:00:30]} 26. g5 {[%emt 0:00:30]} Bxh3 {[%emt 0:00:30]} 27. gxf6 {[%emt 0:00:30]} Bf5 {[%emt 0:00:30]} 28. Nc4 {[%emt 0:00:30]} Rxe2 {[%emt 0:00:30]} 29. Re1 {[%emt 0:00:30]} Rxe1+ {[%emt 0:00:30]} 30. Nxe1 {[%emt 0:00:30]} b5 {[%emt 0:00:30]} 31. Nd6 {[%emt 0:00:30]} a6 {[%emt 0:00:30]} 32. Nf3 {[%emt 0:00:30]} Bg4 {[%emt 0:00:30]} 33. Ng5 {[%emt 0:00:30]} d3 {[%emt 0:00:30]} 34. Nge4 {[%emt 0:00:30]} Bf5 {[%emt 0:00:30]} 35. Kf1 {[%emt 0:00:30]} Nb6 {[%emt 0:00:30]} 36. Nxf5 {[%emt 0:00:30]} gxf5 {[%emt 0:00:30]} 37. Nc5 {[%emt 0:00:30]} e4 {[%emt 0:00:30]} 38. Nxa6 {[%emt 0:00:30]} Nd5 {[%emt 0:00:30]} 39. a4 {[%emt 0:00:30]} bxa4 {[%emt 0:00:30]} 40. bxa4 {[%emt 0:00:30]} Nc3 {[%emt 0:00:30]} 41. Ke1 {[%emt 0:00:30]} Nxa4 {[%emt 0:00:30]} 42. Nb8 {[%emt 0:00:30]} h5 {[%emt 0:00:30]} 43. Nc6 {[%emt 0:00:30]} Kh7 {[%emt 0:00:30]} 44. Ne7 {[%emt 0:00:30]} Nc5 {[%emt 0:00:30]} 45. Nxf5 {[%emt 0:00:30]} Kg6 {[%emt 0:00:30]} 46. Ne3 {[%emt 0:00:30]} Kxf6 {[%emt 0:00:30]} 47. Kd2 {[%emt 0:00:30]} Ke5 {[%emt 0:00:30]} 48. Ng2 {[%emt 0:00:30]} f5 {[%emt 0:00:30]} 49. Ne1 {[%emt 0:00:30]} Kf4 {[%emt 0:00:30]} 50. h4 {[%emt 0:00:30]} Kg4 {[%emt 0:00:30]} 51. Ng2 {[%emt 0:00:30]} f4 {[%emt 0:00:30]} 52. Ne1 {[%emt 0:00:30]} Kxh4 {[%emt 0:00:30]} 53. f3 {[%emt 0:00:30]} e3+ {[%emt 0:00:30]} 54. Kd1 {[%emt 0:00:30]} Kg3 {[%emt 0:00:30]} 55. Nxd3 {[%emt 0:00:30]} Nxd3 {[%emt 0:00:30]} 56. Ke2 {[%emt 0:00:30]} Ne5 {[%emt 0:00:30]} 57. Ke1 {[%emt 0:00:30]} Kxf3 {[%emt 0:00:30]} 58. Kf1 {[%emt 0:00:30]} e2+ {[%emt 0:00:30]} 59. Ke1 {[%emt 0:00:30]} Nd3+ {[%emt 0:00:30]} 60. Kd2 {[%emt 0:00:30]} e1=Q+ {[%emt 0:00:30]} 0-1

[Event "Moja Open Prestige 2022"]
[Site "Kimberley"]
[Date "2022.03.20"]
[Round "3.1"]
[White "Cawdery, Daniel"]
[Black "Dunn, Andrew M"]
[Result "1-0"]
[WhiteElo "2419"]
[BlackElo "2117"]
[Annotator "TA"]
[PlyCount "94"]
[EventDate "2022.03.19"]
[EventType "swiss"]
[EventCountry "RSA"]
[SourceTitle "playchess.com"]
[Source "ChessBase"]
[SourceQuality "1"]

{[%evp 11,94,31,33,29,118,87,84,78,99,93,91,99,95,108,98,90,150,109,111,110,165,169,162,165,304,316,319,327,349,340,331,316,361,351,411,395,364,362,347,291,289,250,250,247,281,235,250,250,295,272,328,306,336,316,297,303,344,332,327,322,461,466,472,466,456,436,421,413,401,402,527,489,629,588,677,666,593,518,29980,29981,29981,29982,29982,29983,29981]} 1. e4 c5 2. Nf3 e6 3. d4 cxd4 4. Nxd4 Nc6 5. Nc3 Bb4 6. Nxc6 bxc6 7. Qd4 {[%csl LRb4,LRg7] B45: Sicilian Four Knights.} Bxc3+ (7... Bf8 $1 $11 {keeps the balance.}) 8. bxc3 f6 9. Ba3 {White is better.} d5 10. Qc5 Ne7 11. Bd3 {[%cal Bf1d3,Bd3e4,Be4c6][%mdl 32] [#]} Kf7 $146 ({Predecessor:} 11... a5 12. O-O Ba6 13. Rfe1 e5 14. exd5 cxd5 15. Bxa6 Rxa6 16. Qb5+ Rc6 17. Bxe7 {1-0 (17) Indriunas,M (1658)-Skypala,O (1590) Porec 2015}) 12. O-O Re8 13. Rab1 {Prevents Qb6.} Qd7 (13... Kg8 $142) 14. Rfe1 (14. Rfd1 $142) 14... Ng6 $16 15. exd5 {White is much more active.} Qxd5 (15... exd5 $16 16. c4 Rb8) 16. Be4 $18 Qxc5 17. Bxc5 Ba6 (17... Ne5 $142 18. Bd4 (18. Bxh7 g6 $17) 18... f5 19. Bxe5 fxe4 20. Rxe4 Rd8) 18. Bxc6 {This bishop pair is nice.} Rec8 19. Bxa8 Rxc5 20. Re4 Ra5 21. a4 Rc5 22. Bb7 Bc4 23. Rd4 Ke7 24. Be4 Ba6 {Inhibits Rb7+.} 25. Bxg6 hxg6 {[%mdl 4096] Endgame KRR-KRB} 26. Rb3 e5 27. Rd1 Rc4 28. Ra3 Bc8 29. f3 Bd7 30. Kf2 a6 31. Rb3 {[#] Threatens to win with Rb7.} Bc6 {To avoid Rb7+} 32. Rb6 a5 33. Ra6 Rc5 34. Ra7+ Ke6 35. Ke1 ({Don't play} 35. Rxg7 Bxa4 36. Ra7 (36. Rxg6 $2 Bxc2 37. Rxf6+ Kxf6 $19) 36... Rxc3 37. Rxa5 Rxc2+ 38. Ke3 Rc4 $18) 35... Bxa4 (35... g5 $142 36. Rb1 (36. Rxg7 Rxc3 37. Ra7 Rxc2 $18) 36... Bxa4 37. Rb6+ Bc6) 36. Ra1 Bc6 37. R1xa5 Rxc3 38. Kd2 Rc4 39. c3 e4 40. fxe4 Rxe4 41. Rxg7 g5 42. Ra6 Kd6 43. g3 Kd5 44. Rc7 Rc4 {[#]} (44... Bb5 $18) 45. Rcxc6 $1 {White mates.} Rxc6 46. Rxc6 Kxc6 47. h4 Kd5 {Weighted Error Value: White=0.07 (flawless) /Black=0.56} 1-0

[Event "Moja Open Prestige 2022"]
[Site "Kimberley"]
[Date "2022.03.20"]
[Round "3.2"]
[White "Smit, Devon"]
[Black "Chikwavaire, Tapiwa"]
[Result "1/2-1/2"]
[WhiteElo "1713"]
[BlackElo "2007"]
[Annotator "TA"]
[PlyCount "128"]
[EventDate "2022.03.19"]
[EventType "swiss"]
[EventCountry "RSA"]
[SourceTitle "playchess.com"]
[Source "ChessBase"]
[SourceQuality "1"]

{[%evp 17,128,25,27,22,28,8,39,22,49,7,20,0,10,15,13,12,9,18,9,-19,-24,-68,-68,-91,-87,-126,-112,-110,-67,-154,-105,-102,-34,-36,-25,-15,-21,-20,21,21,14,17,18,0,0,0,7,8,22,21,26,27,123,123,123,123,123,123,123,123,149,148,161,131,131,124,170,170,170,149,177,177,197,197,197,197,212,212,212,204,212,197,197,155,155,155,155,155,155,155,155,8,8,8,8,8,8,8,8,8,184,184,184,184,184,184,184,184,184,184,184,184,184]} 1. Nf3 Nf6 2. b3 e6 3. Bb2 b6 4. e3 Bb7 5. Be2 Be7 6. O-O O-O 7. d4 c5 8. c4 d6 9. Nc3 a6 10. Rc1 {A30: Symmetrical English: Double Fianchetto and Hedgehog.} Nbd7 11. Qc2 Qc7 12. Rfd1 {White is slightly better.} Rac8 13. Qb1 (13. d5 $14) 13... Rfe8 $11 14. a3 {[#]} Qb8 $146 ({Predecessor:} 14... Bf8 15. Qa1 Ne4 16. b4 Nxc3 17. Bxc3 e5 18. d5 Nf6 19. bxc5 Qxc5 20. Nd2 Qc7 {½-½ (53) Erdogan,A (1825)-Demiroglu,A (1701) Konya 2019}) 15. d5 exd5 16. Nxd5 Nxd5 17. cxd5 Bf6 18. Bxf6 Nxf6 19. Qf5 (19. Bd3 $11 {is more appropriate.}) 19... Rc7 20. Qf4 Rce7 21. Nh4 Re4 ({And not} 21... Bxd5 22. Nf5 Re5 23. Bc4) ({Inferior is} 21... Nxd5 22. Qg3 Re5 23. Nf3 $15) 22. Qg3 Bc8 {Prevents Nf5.} (22... R4e5 $17 23. b4 Ne4) 23. Rc4 (23. h3 $1 $15) 23... b5 (23... Bd7 $142 24. h3 b5) 24. Rxc5 $17 {[#]} Rxh4 $1 {[%mdl 512]} 25. Rxc8 $15 Qxc8 26. Qxh4 Qc2 {[%csl LRb3,LRe2]} 27. Bf3 Qxb3 (27... Ne4 {was preferrable.}) 28. Qb4 $11 Qxb4 29. axb4 {[%mdl 4096] Endgame KRB-KRN} Rc8 30. g3 Rc4 31. Ra1 Rxb4 {Threatens to win with ...Ra4.} 32. Rxa6 Ne8 33. Rb6 Kf8 34. Be2 Nc7 (34... Nf6 $11) 35. Rxd6 $16 {aiming for Rd7.} Ke7 {Prevents Rd7+.} 36. Rb6 {Strongly threatening d6+.} Nxd5 37. Rxb5 Rxb5 38. Bxb5 {KB-KN} Kf6 39. Kg2 Ne7 40. Kf3 Ke5 41. Ke2 Nc8 (41... f5 $16 42. f4+ Ke6) 42. f4+ $18 Kd5 43. Kf3 Nd6 44. Bd3 h6 45. e4+ {[%cal Be3e4,Be4e5][%mdl 32]} Ke6 46. e5 Nb7 47. Bc4+ Ke7 48. f5 Nc5 49. h4 Nd7 50. Kf4 ({White should play} 50. Ke4 $18 {[%cal Oc4f7] Hoping for Bxf7!} f6 51. e6) 50... f6 $16 51. e6 Ne5 {[#]} 52. Be2 Kd6 53. g4 Nc6 54. g5 ({Better is} 54. Ke3 $16) 54... hxg5+ $11 55. hxg5 fxg5+ 56. Kxg5 Ke5 57. Bg4 {White threatens Kg6 and mate.} Ne7 58. Bh3 Ke4 $2 {[#] A mistake that costs the game.} (58... Kd6 $11 {and Black is okay.}) 59. f6 $1 $18 {White is clearly better.} gxf6+ 60. Kxf6 Nd5+ 61. Kf7 {Threatening mate with Bg2+.} Ke5 62. Bg2 {White wants to mate with Bxd5.} Nc7 63. e7 Kf5 64. Bf3 Ke5 {Weighted Error Value: White=0.16 (very precise) /Black=0.19 (very precise)} 1/2-1/2

[Event "Moja Open Prestige 2022"]
[Site "Kimberley"]
[Date "2022.03.20"]
[Round "3.3"]
[White "Mlahleki, Vusimuzi"]
[Black "Mncwabe, Minenhle Junior"]
[Result "1-0"]
[WhiteElo "1980"]
[BlackElo "1730"]
[Annotator "TA"]
[PlyCount "79"]
[EventDate "2022.03.19"]
[EventType "swiss"]
[EventCountry "RSA"]
[SourceTitle "playchess.com"]
[Source "ChessBase"]
[SourceQuality "1"]

{[%evp 10,79,0,0,66,58,85,70,115,103,108,118,97,88,103,62,77,75,80,80,79,85,86,86,86,89,74,75,123,126,156,106,124,122,135,115,148,137,153,116,261,179,182,137,180,148,245,265,228,222,535,516,2335,2305,2162,2310,2133,997,1715,1550,29966,29967,29962,29959,29971,29971,29973,29976,29977,29977,6348,6327]} 1. e4 c5 2. Nc3 e6 3. g3 d5 4. exd5 exd5 5. Bg2 d4 6. Qe2+ Qe7 {B23: Closed Sicilian: Lines without g3.} (6... Be7 $1 $11 7. Ne4 (7. Nd5 Nc6 $11) 7... d3 8. cxd3 (8. Qxd3 Qxd3 9. cxd3 Nc6 $11) 8... Nc6) 7. Ne4 {Black must now prevent Nd6+.} Kd8 8. d3 {[#]} f5 $146 {[#]} (8... Nc6 $1 $14) ({Predecessor:} 8... Nc6 9. Bg5 f6 10. Bf4 Ne5 11. O-O-O a5 12. c3 Qc7 13. Kb1 Ne7 14. cxd4 cxd4 {1-0 (25) Salazar Navas,J (1789)-Ylla Soro,R (1596) Barcelona 2013}) 9. Bg5 $1 $16 Nf6 10. Nxf6 gxf6 11. Bd2 {White is more active.} (11. Bf4 {with more complications.} Nc6 12. a3 Qe6 13. Rc1 a5 14. Qxe6 Bxe6 15. Ne2) 11... Nc6 12. Bxc6 (12. Qxe7+ $16 Kxe7 13. Ne2) 12... Qxe2+ 13. Nxe2 bxc6 14. f3 Rb8 15. b3 Bd6 16. Kf2 Re8 17. Rhe1 Rb7 18. Ba5+ Bc7 (18... Kd7 $142) 19. Bxc7+ Rxc7 {[#]} 20. Nf4 ({White should play} 20. c3 $1) 20... Rce7 21. Rxe7 Kxe7 {[%mdl 4096] Endgame KRB-KRN} 22. Re1+ Kf7 23. Rxe8 Kxe8 {KB-KN} 24. Ne2 Ba6 {This move loses the game for Black.} (24... Ke7 $16) 25. Kg2 Kf7 26. a3 (26. g4 $18) 26... Ke6 (26... Bc8 $16) 27. Kh3 Bc8 {[#]} (27... Bb7 $16 28. Kh4 c4) 28. Kh4 $1 $18 Kf7 29. Kh5 {Strongly threatening Kh6.} Be6 $2 (29... Kg7 30. b4 cxb4 31. axb4 c5) 30. Nf4 Bd5 (30... Bd7 $142 31. Kh6 Kg8) 31. Nxd5 cxd5 {KP-KP} 32. Kh6 Kg8 33. h3 (33. f4 $142 Kh8 34. h3) 33... Kh8 34. g4 fxg4 35. hxg4 Kg8 36. f4 a6 37. g5 fxg5 38. fxg5 a5 39. g6 hxg6 40. Kxg6 {Weighted Error Value: White=0.12 (very precise) /Black=0.59} 1-0

[Event "Moja Open Prestige 2022"]
[Site "Kimberley"]
[Date "2022.03.20"]
[Round "3.4"]
[White "Palmer, Reegan"]
[Black "Horne, Andrew H"]
[Result "1-0"]
[WhiteElo "1572"]
[BlackElo "1931"]
[Annotator "TA"]
[PlyCount "69"]
[EventDate "2022.03.19"]
[EventType "swiss"]
[EventCountry "RSA"]
[SourceTitle "playchess.com"]
[Source "ChessBase"]
[SourceQuality "1"]

{[%evp 11,69,18,43,35,37,13,4,0,12,9,17,20,49,24,83,71,158,168,169,173,181,150,216,236,247,191,359,355,353,310,336,263,331,331,319,312,318,273,266,251,279,278,272,263,310,305,363,374,594,616,709,421,1127,1113,1085,1005,1547,1481,1441,1187]} 1. c4 e5 2. Nc3 Nc6 3. g3 Bc5 4. Bg2 d6 5. e3 Nf6 6. Nge2 Bg4 7. a3 {A25: English Opening vs King's Indian with ...Nc6 but without early d3.} a5 8. Qa4 {Threatens to win with d4.} Bd7 {[%cal Oc6b4] [#] White must now prevent ...Nb4!} 9. Qd1 $146 {The position is equal.} ({Predecessor:} 9. Qc2 O-O 10. O-O Qc8 11. Rd1 Bf5 12. d3 Ne7 13. Qb3 c6 14. d4 Ba7 15. d5 {½-½ (54) Yilmaz,S (1563)-Donmez,B (1791) Antalya 2017}) 9... O-O 10. d4 exd4 11. exd4 Bb6 {[%cal Oa5a4]} 12. O-O Bg4 (12... h6 $11 {remains equal.}) 13. h3 $16 {Black is on the road to losing.} Bh5 {[#]} ({Black should try} 13... Bxe2 14. Nxe2 Qd7) 14. g4 $1 Bg6 15. Bg5 h6 {[#]} 16. Bh4 Bh7 (16... Qc8 $16 {was called for.} 17. f4 Nd7) 17. f4 $18 {[%cal Bf2f4,Bf4f5][%mdl 32]} Re8 18. Kh1 Qd7 $2 (18... Kh8 {is a better defense.} 19. f5 a4) 19. Bxf6 gxf6 20. f5 Qe7 21. Bf3 {Strongly threatening Nd5.} Qf8 22. Nd5 Qg7 23. Nxb6 cxb6 24. Nc3 {[%cal Be2c3,Bc3d5,Bd5f4][%mdl 32]} Qg5 25. Nd5 Qh4 26. Bg2 ({Less strong is} 26. Nxb6 Qxh3+ 27. Kg1 Qg3+ 28. Bg2 Rad8 $14) 26... Rad8 27. Qd2 Kg7 28. Nf4 Re7 29. b4 {[%cal Bb2b4,Bb4b5][%mdl 32]} ({Resist} 29. Nh5+ Kh8 30. Qxh6 (30. d5 Ne5 $18) 30... Qg5 31. Qxf6+ Qxf6 32. Nxf6 Nxd4 $18) 29... Rde8 (29... axb4 {might work better.} 30. axb4 Qg5) 30. b5 {White is clearly winning.} Nd8 31. Qf2 Qg5 (31... Qxf2 $142 32. Rxf2 Re1+ 33. Rxe1 Rxe1+ 34. Kh2 Bg8 35. Nh5+ Kf8 36. Nxf6 Kg7) 32. h4 Qxg4 33. Bh3 Bxf5 34. Bxg4 Bxg4 35. Rae1 {Weighted Error Value: White=0.22 (precise) /Black=0.43} 1-0